Economic Theory

Enregistré dans:
Détails bibliographiques
Format: Publication en série
Langue:anglais
Publié: Champaign Springer International
Sujets:
Tags: Ajouter un tag
Pas de tags, Soyez le premier à ajouter un tag!

MARC

LEADER 00000nas1a22000001 4500
001 s120653
005 20250701092103.9
022 |a 0938-2259 
022 |a 1432-0479 
041 0 |a eng 
044 |a DE 
245 1 0 |a Economic Theory 
264 1 |a Champaign  |b Springer International 
610 2 0 |a teórie ekonomické 
610 2 0 |a výskum ekonomický